[Event "NOR-ch Elite 2017"]
[Site "Stavanger"]
[Date "2017.07.05"]
[Round "6"]
[White "Haug, Johannes"]
[Black "Haldorsen, Benjamin"]
[Result "1-0"]
[WhiteElo "2328"]
[BlackElo "2370"]
[Annotator "TA"]
[PlyCount "153"]
[EventDate "2017.??.??"]
[EventType "swiss"]
[EventCountry "NOR"]
[SourceTitle "playchess.com"]
[Source "ChessBase"]
[SourceQuality "1"]

{[%evp 20,153,24,35,39,41,35,26,19,31,36,31,29,24,60,50,54,39,41,48,160,155,159,160,235,191,191,142,141,138,261,244,254,254,254,265,256,251,284,286,283,265,258,199,314,249,361,94,376,314,421,458,498,502,635,313,383,369,680,668,607,367,347,322,387,346,383,289,554,568,556,545,548,542,647,390,543,583,828,719,1091,1087,1037,1010,798,774,647,563,470,0,630,620,1788,829,809,787,1367,1341,12838,12838,12838,12839,12832,537,560,510,508,504,1137,484,735,722,12829,12828,881,2470,12831,12831,12838,12832,12827,12833,12831,9938,12837,12837,12837,12838,12837,12839,12839,12838,12838,10358,12840,12840]} 1. d4 Nf6 2. c4 g6 3. Nf3 Bg7 4. g3 O-O 5. Bg2 d6 6. O-O Nc6 7. Nc3 a6 8. d5 Na5 9. b3 c5 10. dxc6 Nxc6 11. Bb2 Bg4 {E63: King's Indian: Fianchetto: Panno Variation with 7...a6} (11... Rb8 12. Rc1 Bd7 13. Qd2 b5 14. Nd5 Ne4 15. Qc2 Bxb2 16. Qxb2 b4 17. Ne1 Nc5 18. Nd3 Nxd3 19. exd3 {1-0 (40) Gelfand,B (2743)-Kasimdzhanov,R (2691) Tashkent 2016}) 12. Qc1 Rc8 13. Rd1 {[%cal Bf1d1,Bd1d5,Bd5g5][%mdl 32]} Qa5 {White has an edge.} 14. Nd5 Nxd5 15. Bxg7 $146 ({Predecessor:} 15. Rxd5 Qc7 16. Bxg7 Kxg7 17. Qf4 Be6 18. Rd2 h6 19. h4 {0-1 (36) Sedlacek,O (2259)-Belunek,V (2273) Czechia 2011}) 15... Kxg7 16. Rxd5 Qb4 17. Qe3 {[#] aiming for a3.} Qa3 $1 18. Nd4 {Hoping for Nxc6.} Qb2 19. Rd1 Nb4 (19... Bd7 $14) 20. Rg5 $36 {[%mdl 2048] White is on the roll.} Bd7 21. Qxe7 Nc6 (21... Rcd8 $16 22. Qxd6 (22. Bxb7 Rfe8 $16) 22... Nxa2) 22. Bxc6 ({Don't take} 22. Qxd7 $6 Nxd4 23. Rd5 (23. Qxb7 Nxe2+ 24. Kh1 Qxa2 $14) (23. Bxb7 Rcd8 $16) 23... Nxe2+ 24. Kh1 Nc3 $16) 22... Bxc6 23. Ne6+ Kg8 24. Nxf8 Rxf8 (24... Re8 $16 {keeps fighting.} 25. Qxd6 Qxe2) 25. Qxd6 $18 {Black must now prevent Qd2.} Qxe2 26. Qd3 Qxa2 27. Re5 Qb2 28. Re3 Qf6 29. b4 Ba4 30. Rde1 Rd8 31. Qc3 Qc6 (31... Qxc3 {might work better.} 32. Rxc3 Bc6) 32. f3 h5 (32... Qb6 $142 33. c5 Qc6) 33. Rd3 $2 (33. Re7 $18) 33... Rc8 $2 {[%mdl 8192]} (33... Rxd3 $16 {is a better defense.} 34. Qxd3 Qb6+ 35. Re3 Qxb4) 34. Kf2 Kh7 35. Re7 Kg8 36. Rde3 Rd8 {[#]} 37. R7e5 (37. R3e6 $142 $3 {[%mdl 512]} Qxe6 38. Rxe6 fxe6 39. Qf6 Rd2+ 40. Ke3) 37... Kh7 38. Rc5 Qd7 $2 (38... Qd6 39. Rd5 Qc7) 39. Rd5 Qc7 40. Rxd8 Qxd8 {[%mdl 4096] Endgame KQR-KQB} 41. Re2 Bc6 42. Qe3 Qd6 43. Qf4 Qd7 $2 (43... Qxf4 44. gxf4 Kg8) 44. Rd2 Qe7 45. Rd6 Kg7 46. Qd4+ f6 47. h3 {[%cal Bh2h3,Bh3g4][%mdl 32]} Kf7 48. g4 hxg4 49. hxg4 g5 50. f4 gxf4 51. Qxf4 Kg7 52. c5 Qf7 53. Kg3 Qe7 54. Kf2 Qf7 55. Rd2 {White is clearly winning.} Qe6 56. Re2 (56. g5 $142 fxg5 57. Qxg5+ Qg6 58. Qg3) 56... Qd5 57. Kg3 Kg6 58. Rf2 Qd3+ 59. Kh4 Qd8 60. Qf5+ Kg7 61. Kg3 (61. g5 $142 {[%cal Rg5f6]} fxg5+ 62. Qxg5+ Qxg5+ 63. Kxg5) 61... Qe7 62. Qf4 Kg6 63. Qd4 Qe6 (63... Bb5 $142 64. Qd5 Qe3+ 65. Qf3 Qe7 66. Qf5+ Kg7) 64. Kh4 (64. Qd3+ $142 Kg7 65. Re2) 64... Qe7 (64... Bd7 $142 65. Qd3+ Kg7) 65. Qd6 Qg7 66. Qd3+ Kf7 67. Kg3 Qg5 68. Re2 Qh6 69. Qd8 {White threatens Re7+ and mate.} Qf8 70. Qxf8+ Kxf8 {KR-KB} 71. Kf4 Kf7 72. Rd2 Ke7 73. Kf5 Ba4 74. Kg6 Bb5 75. Rf2 Bd7 76. Rf4 Bc8 77. Re4+ {Precision: White = 68%, Black = 31%.} 1-0

[Event "NOR-ch Elite 2017"]
[Site "Stavanger"]
[Date "2017.07.05"]
[Round "6"]
[White "Risting, Eivind Olav"]
[Black "Tryggestad, Andreas Garberg"]
[Result "1/2-1/2"]
[WhiteElo "2307"]
[BlackElo "2324"]
[Annotator "TA"]
[PlyCount "32"]
[EventDate "2017.??.??"]
[EventType "swiss"]
[EventCountry "NOR"]
[SourceTitle "playchess.com"]
[Source "ChessBase"]
[SourceQuality "1"]

{[%evp 9,32,-10,0,-1,31,45,38,0,0,0,0,-2,26,15,12,4,16,-19,-17,-12,-14,-5,4,0,15]} 1. e4 c5 2. Nf3 e6 3. b3 b6 4. Bd3 Bb7 5. O-O Nc6 (5... Nf6 6. e5 Nd5 7. Be4 Qc7 8. Re1 Be7 9. Bb2 b5 10. Na3 a6 11. c4 bxc4 12. Nxc4 {0-1 (41) Kasparov,G (2812)-So,W (2773) Saint Louis 2016}) 6. Re1 {B40: Sicilian: 2...e6, Unusual lines} d5 $146 ({Predecessor:} 6... Nge7 7. Bb2 Ng6 8. Bf1 Bd6 9. c3 O-O 10. d4 Bb8 11. d5 Nce5 12. Nxe5 Bxe5 {½-½ (36) Cicak,S (2509)-Bosiocic,M (2602) Germany 2016}) 7. exd5 Qxd5 8. Na3 {White is slightly better.} (8. Nc3 $5 {[%cal Rc3d5]} Qd8 9. Bb5 $14) 8... Nf6 9. Bb2 Be7 10. Bc4 Qd7 11. Ng5 $36 {[%mdl 2048] next Nxf7 is good for White. White is more active.} Nd8 $1 {The position is equal.} 12. Bb5 Bc6 13. Qf3 Bxf3 14. Bxd7+ Nxd7 15. Nxf3 Bf6 16. Bxf6 Nxf6 1/2-1/2

[Event "NOR-ch Elite 2017"]
[Site "Stavanger"]
[Date "2017.07.05"]
[Round "6"]
[White "Machlik, Endre"]
[Black "Kaasen, Tor Fredrik"]
[Result "0-1"]
[WhiteElo "2157"]
[BlackElo "2409"]
[Annotator "TA"]
[PlyCount "114"]
[EventDate "2017.??.??"]
[EventType "swiss"]
[EventCountry "NOR"]
[SourceTitle "playchess.com"]
[Source "ChessBase"]
[SourceQuality "1"]

{[%evp 24,114,-4,-25,0,-15,5,6,32,27,47,58,51,50,54,54,56,50,69,66,66,41,40,42,81,76,119,111,109,129,112,112,110,77,180,184,184,208,205,158,115,121,146,148,170,-50,-33,-38,-48,-94,-41,-187,-189,-187,-187,-208,-196,-368,-370,-693,-650,-777,-715,-1308,-1264,-1200,-1118,-1263,-453,-441,-446,-446,-442,-566,-384,-655,-599,-29949,-731,-29960,-29964,-29963,-29963,-10011,-1733,-12795,-1004,-29980,-29981,-29981,-29982,-29982,-29983]} 1. d4 Nf6 2. c4 e6 3. Nc3 Bb4 4. Qc2 b6 5. a3 Bxc3+ 6. Qxc3 Bb7 7. f3 d6 8. Bg5 Nbd7 9. e3 O-O 10. Bd3 Rc8 11. Ne2 c5 12. O-O cxd4 {E32: Nimzo-Indian: Classical (4 Qc2): 4...0-0} 13. exd4 {LiveBook: 3 Games} (13. Qxd4 Ne5 14. Rad1 Nxd3 15. Qxd3 d5 16. cxd5 Qxd5 17. Qxd5 Nxd5 18. e4 Nc7 19. Bf4 f6 20. Bxc7 Rxc7 {½-½ (42) Dreev,A (2607)-Tomashevsky,E (2646) Moscow 2007}) 13... d5 14. b3 Re8 {The position is equal.} 15. Rfd1 Qe7 $146 ({Predecessor:} 15... h6 16. Bh4 a5 17. Rac1 Ba6 18. Qb2 Qe7 19. cxd5 Bxd3 20. Rxc8 Rxc8 21. Rxd3 exd5 {½-½ (37) Brown,M (2247)-Yang,D (2486) Los Angeles 2012}) 16. Qb4 Qd8 17. Rac1 Rc6 18. Nc3 h6 19. Bh4 a5 20. Qa4 Rc8 21. cxd5 exd5 22. Bb5 {And now Bxf6 would win.} Re3 23. Ne2 Rxc1 24. Rxc1 Qe7 25. Kf1 {Strongly threatening Rc7.} Nf8 26. Bf2 Re6 27. Nf4 Rd6 28. Bg3 Qe3 (28... Ne6 $16) 29. Ne2 $1 $18 Rd8 30. Rc7 Bc8 31. Bf4 Qe6 32. Rc6 $1 {[%cal Rc6e6]} Qf5 33. Rxb6 {aiming for Bc7.} Ne6 34. Rxe6 $2 (34. Bg3 $1 $18) 34... Bxe6 $15 35. Qxa5 Rc8 36. Qe1 g5 (36... Bd7 $17 37. Bxd7 Nxd7) 37. Be5 ({White should play} 37. Be3 $1 $15) 37... Bd7 $36 {[%mdl 2048] Black is on the roll.} 38. a4 Bxb5 39. axb5 Nd7 40. Bd6 $2 (40. Qd1 {is a better defense.}) 40... Qd3 41. b4 $2 (41. Bc5 Nxc5 42. dxc5) 41... Rc2 42. Bc5 Rb2 43. Kf2 Nxc5 44. dxc5 Qxb5 {[%mdl 4096] Endgame KQR-KQN} 45. Qd1 Qc4 (45... d4 $142 46. Kg1 Qxe2 47. Qxe2 Rxe2) 46. c6 Qxc6 47. Qd4 Rc2 48. h4 Qc4 49. Qe5 $2 (49. Qxc4 Rxc4 50. hxg5) 49... Qxh4+ 50. Ke3 Qxb4 (50... Qe1 $142 51. Qb8+ Kg7 52. Qe5+ Kg6 53. Qd6+ Kh7 54. Qa6 Rc3+ 55. Qd3+ Rxd3+ 56. Kxd3 Qxb4 57. Ke3 Qc5+ 58. Kd3 Qf2 59. Nc3 Qxg2 60. Ke3 d4+ 61. Kxd4 Qxf3 62. Nd5 g4 63. Ke5 g3 64. Kd6 g2 65. Nb6 Qf6+ 66. Kd5 g1=Q 67. Kc4 Qfxb6 68. Kc3 Qgd4+ 69. Kc2 Qbb2#) 51. Qxd5 Qe7+ 52. Qe4 Qxe4+ 53. fxe4 {[#]} Kg7 (53... Rxe2+ $142 $1 54. Kxe2 Kg7) 54. g4 {[#]} Kf6 (54... Rxe2+ $142 $1 55. Kxe2 Kf6) 55. Ng3 Rc3+ {Black mates.} 56. Kf2 Rxg3 57. Kxg3 Ke5 {Precision: White = 38%, Black = 42%.} 0-1

[Event "NOR-ch Elite 2017"]
[Site "Stavanger"]
[Date "2017.07.06"]
[Round "7"]
[White "Agdestein, Simen"]
[Black "Haug, Johannes"]
[Result "1-0"]
[WhiteElo "2604"]
[BlackElo "2328"]
[Annotator "TA"]
[PlyCount "83"]
[EventDate "2017.??.??"]
[EventType "swiss"]
[EventCountry "NOR"]
[SourceTitle "playchess.com"]
[Source "ChessBase"]
[SourceQuality "1"]

{[%evp 10,83,14,13,27,-2,11,3,9,11,5,7,44,15,20,20,42,31,37,33,81,77,83,88,89,78,76,81,82,72,84,65,104,63,68,64,75,75,81,70,70,77,75,39,81,81,125,118,127,69,300,311,295,299,366,387,388,377,383,363,348,351,369,341,2267,2463,5285,4686,29983,29984,29978,29976,29985,29977,29987,29988]} 1. c4 Nf6 2. Nc3 e6 3. e4 d5 4. cxd5 exd5 5. e5 Ne4 6. Nf3 Bf5 {A18: English Opening: Flohr-Mikenas System (1 c4 Nf6 2 Nc3 e6 3 e4)} 7. d4 (7. Be2 Be7 8. O-O Nc6 9. d3 Nxc3 10. bxc3 O-O 11. d4 Qd7 12. Bd3 Na5 13. Re1 Nc4 14. Rb1 Bxd3 15. Qxd3 {1-0 (45) Caruana,F (2808)-So,W (2812) Paris 2017}) 7... Bb4 8. Bd2 {Strongly threatening Nxe4.} Nxd2 {The position is equal.} 9. Qxd2 O-O 10. Bd3 Be4 11. Bxe4 $146 (11. Qe3 $5 {[%cal Rd3e4]}) ({Predecessor:} 11. a3 Bxc3 12. bxc3 c5 13. O-O Bxf3 14. gxf3 cxd4 15. cxd4 {0-1 (32) Rojas Keim,L (2455)-Milos,G (2555) Villa Martelli 1998}) 11... dxe4 12. Ng5 c5 13. d5 e3 14. Qxe3 {aiming for e6.} Qxd5 15. O-O $36 {[%mdl 2048] Black is under strong pressure.} Bxc3 16. bxc3 {Black must now prevent Rad1.} (16. Qxc3 $6 Nc6 $11) 16... Nc6 {[#]} 17. f4 $1 Rad8 {[%cal Ba8d8,Bd8d5,Bd5a5][%mdl 32]} 18. Rae1 Qd3 19. Qxc5 {e6 is the strong threat.} Rd5 20. Qe3 Rfd8 21. Ne4 (21. Qc1 {feels hotter.} Qb5 22. Qc2 Rd3 23. Ne4 h6 24. Qe2) 21... Qxe3+ $1 22. Rxe3 Ra5 23. Re2 Rd3 24. Rb1 b6 25. Kf2 h6 26. h4 Ne7 27. g3 Nd5 {[#]} 28. Rb3 $1 b5 29. Rc2 (29. Nd6 $16) 29... b4 $2 (29... a6 $1 $14) 30. c4 $18 ({Don't take} 30. cxb4 $6 Rxa2 31. Rxd3 (31. Rxa2 Rxb3 32. Rxa7 Rb2+ 33. Kg1 Rb1+ 34. Kg2 Rb2+ 35. Kg1 Rb1+ 36. Kf2 Rb2+ 37. Kg1 $18) 31... Rxc2+ 32. Kf3 Nxb4 $18) 30... Nc3 31. Nxc3 Rxc3 32. Rbxc3 bxc3 {[%mdl 4096] Endgame KR-KR} 33. Ke3 Kf8 34. h5 Ke7 35. Kd4 (35. Rxc3 Rxa2 36. Rb3 a5 $16) 35... Ra3 36. Kc5 a5 $2 (36... Ra6 37. Kb4 (37. Rxc3 Ra5+ 38. Kc6 Ra6+ 39. Kd5 Rxa2 $18) 37... f6 38. exf6+ (38. Kxc3 fxe5 39. fxe5 Ke6 $18) 38... Rxf6) 37. Kb5 f6 38. exf6+ gxf6 39. g4 {[%cal Bg3g4,Bg4g5][%mdl 32] White mates.} Kd6 40. c5+ {[%cal Bc4c5,Bc5c6][%mdl 32]} Ke7 41. c6 Kd8 42. g5 {Precision: White = 76%, Black = 39%.} 1-0

[Event "NOR-ch Elite 2017"]
[Site "Stavanger"]
[Date "2017.07.06"]
[Round "7"]
[White "Tari, Aryan"]
[Black "Hammer, Jon Ludvig"]
[Result "1/2-1/2"]
[WhiteElo "2595"]
[BlackElo "2628"]
[Annotator "TA"]
[PlyCount "55"]
[EventDate "2017.??.??"]
[EventType "swiss"]
[EventCountry "NOR"]
[SourceTitle "playchess.com"]
[Source "ChessBase"]
[SourceQuality "1"]

{[%evp 9,55,17,25,10,11,4,4,2,12,0,7,0,24,-8,13,13,15,15,15,16,15,10,22,16,21,22,37,12,9,6,6,6,7,10,10,9,14,13,14,0,0,0,8,0,0,0,12,0]} 1. e4 e5 2. Nf3 Nc6 3. Bb5 Nf6 {[%cal Bg8f6,Bf6d7,Bd7f8,Bf8e6,Be6f4][%mdl 32]} 4. d3 Bc5 5. Bxc6 dxc6 6. Nbd2 {C65: Ruy Lopez: Berlin Defence (3...Nf6), unusual lines and 4 0-0 Bc5} (6. O-O {seems wilder.} Nd7 7. c3 O-O 8. Qc2 Bd6 9. Rd1) (6. O-O Qe7 7. Nbd2 Bg4 8. Nc4 Nd7 9. a3 a5 10. Be3 f6 11. Bxc5 Nxc5 12. Ne3 Bxf3 13. Qxf3 O-O {0-1 (54) Anand,V (2786)-Carlsen,M (2832) Leuven 2017}) 6... O-O 7. O-O Re8 8. Nc4 Nd7 9. Bd2 f6 10. a4 Be7 $146 ({Predecessor:} 10... Nf8 11. b4 Bd6 12. b5 Ne6 13. bxc6 bxc6 {½-½ (33) Oparin,G (2563)-Leko,P (2705) Moscow 2015}) 11. Bc3 c5 12. Nh4 Nf8 13. Nf5 Ne6 14. Qg4 {next f4 is good for White.} g6 $1 15. Nxe7+ Qxe7 16. Qg3 Nf4 17. Qe3 Be6 18. Nd2 (18. g3 $5 {[%cal Rg3f4]} Nh3+ 19. Kg2 $14) 18... Bd7 {The position is equal.} 19. b3 Rad8 20. Nc4 b6 21. g3 Ne6 22. f4 Nd4 23. Rf2 Rf8 24. Raf1 Bh3 25. Re1 Be6 26. Ref1 Bh3 27. Re1 Be6 28. Ref1 {Precision: White = 53%, Black = 84%.} 1/2-1/2

[Event "NOR-ch Elite 2017"]
[Site "Stavanger"]
[Date "2017.07.06"]
[Round "7"]
[White "Urkedal, Frode"]
[Black "Risting, Eivind Olav"]
[Result "1-0"]
[WhiteElo "2543"]
[BlackElo "2307"]
[Annotator "TA"]
[PlyCount "51"]
[EventDate "2017.??.??"]
[EventType "swiss"]
[EventCountry "NOR"]
[SourceTitle "playchess.com"]
[Source "ChessBase"]
[SourceQuality "1"]

{[%evp 12,51,21,18,8,5,16,10,0,6,19,0,0,0,10,8,25,27,27,19,45,46,50,49,191,188,428,445,433,443,446,443,466,464,478,472,489,471,467,469,554,554]} 1. d4 Nf6 2. c4 e6 3. Nf3 d5 4. Nc3 Be7 5. Bf4 O-O 6. e3 Nbd7 7. Be2 dxc4 {D37: Queen's Gambit Declined: 5 Bf4} 8. O-O c5 (8... a6 9. a4 c5 10. dxc5 Nxc5 11. Bxc4 Bd7 12. Ne5 Be8 13. a5 Ncd7 14. Nf3 Rc8 15. Be2 {1-0 (44) So,W (2773)-Caruana,F (2795) Saint Louis 2016}) 9. Bxc4 cxd4 {The position is equal.} 10. Qxd4 Nb6 {Strongly threatening ...Qxd4.} 11. Bb3 Qxd4 12. Nxd4 Bd7 13. Rfd1 $146 ({Predecessor:} 13. Rac1 Rfc8 {½-½ (13) Zhou,J (2601)-Akobian,V (2632) Arlington 2015}) 13... Rac8 14. Ndb5 a6 15. Nd6 Bxd6 16. Bxd6 Rfe8 $1 17. Be5 Red8 {[#]} ({Black should play} 17... Bc6 $14) 18. Rd6 $1 $18 {[%cal Rd6b6]} Bc6 $2 {[#]} (18... Nbd5) 19. Rxd8+ $1 {White is clearly winning.} Rxd8 20. Bc7 $1 {[%csl LRb6,LRd8]} Rd2 21. Bxb6 Rxb2 22. Rd1 h6 23. f3 Nd7 24. Bd4 e5 25. Ba7 Nf6 26. e4 {Precision: White = 84%, Black = 31%.} 1-0

[Event "NOR-ch Elite 2017"]
[Site "Stavanger"]
[Date "2017.07.06"]
[Round "7"]
[White "Christiansen, Johan-Sebastian"]
[Black "Hauge, Lars Oskar"]
[Result "1-0"]
[WhiteElo "2471"]
[BlackElo "2439"]
[Annotator "TA"]
[PlyCount "129"]
[EventDate "2017.??.??"]
[EventType "swiss"]
[EventCountry "NOR"]
[SourceTitle "playchess.com"]
[Source "ChessBase"]
[SourceQuality "1"]

{[%evp 11,129,3,12,6,4,11,13,7,20,16,10,16,29,43,24,23,33,23,24,22,22,23,29,-6,-12,-10,-13,-10,-1,-13,0,-54,-12,-16,0,0,0,0,0,0,0,0,0,0,0,0,0,0,22,19,129,129,129,129,129,129,154,135,139,111,111,111,111,111,111,111,111,111,162,162,162,162,162,154,154,154,154,154,154,154,154,154,154,142,136,136,154,154,154,129,139,121,121,121,114,128,336,295,308,294,1316,1322,1156,412,518,506,456,439,1008,1018,1008,841,991,989,436,272,256,239,29980,29982]} 1. c4 c5 2. g3 Nc6 3. Bg2 g6 4. Nf3 Bg7 5. Nc3 d6 6. O-O Bf5 7. d3 {A37: Symmetrical English vs ...g6: 4 Bg2 Bg7 5 Nf3} (7. h3 Rb8 8. d3 Nf6 9. Be3 O-O 10. Qd2 a6 11. Bh6 b5 12. Nd5 Re8 13. Bxg7 Kxg7 14. Nxf6 exf6 {0-1 (79) Kuzubov,Y (2637)-Anton Guijarro,D (2660) Minsk 2017}) 7... Qd7 8. Rb1 Nf6 9. Re1 {The position is equal.} O-O 10. a3 Rac8 11. b4 {[%cal Bb2b4,Bb4b5][%mdl 32]} b6 12. b5 Nd4 13. Nxd4 $146 ({Predecessor:} 13. Bg5 h6 14. Nxd4 cxd4 15. Bxf6 Bxf6 16. Nd5 Bg7 17. a4 e6 {1-0 (35) Ivanov,S-Seuss,O Dresden 1969}) 13... cxd4 14. Bc6 Qd8 15. Nd5 Nxd5 16. Bxd5 Be6 17. Bf3 d5 18. cxd5 Bxd5 19. Qa4 Bxf3 20. exf3 Qd7 21. Bg5 (21. Bd2 $11) 21... e6 22. Bd2 $1 Qb7 23. Kg2 Rc5 24. Rbc1 Rfc8 25. Rxc5 Rxc5 26. Rc1 Bf8 27. Rxc5 Bxc5 28. Bb4 Bxb4 29. Qxb4 $11 {[%mdl 4096] Endgame KQ-KQ} Qd5 30. a4 Kg7 (30... Qd7 $11 {remains equal.}) 31. Qe7 $16 Qa8 32. Qd7 Kg8 33. Qxd4 Qb7 34. Qd6 Kg7 35. Qc6 Qe7 36. h4 h5 37. Kh3 Qf6 38. Qe4 Qe7 39. Qe5+ f6 (39... Kh7 $16) 40. Qe4 $18 Qd7 41. Kg2 Qe7 42. Qc6 Kf7 43. Kf1 Kg7 44. Kg1 Kf7 45. Kg2 Kg7 46. Qc8 Kh7 47. d4 Kg7 48. Qc6 Kf7 49. g4 Kg7 50. Qe4 Qf7 51. Qe3 Qd7 52. Qf4 Qe7 53. Kg3 hxg4 $2 {[#]} (53... Kh7 $16 {was necessary.} 54. g5 fxg5 55. hxg5 Qg7) 54. fxg4 Qa3+ 55. Kg2 Qxa4 $2 (55... Qe7 56. Qe4 Qf7) 56. g5 fxg5 57. Qe5+ (57. hxg5 $142 {Threatens to win with Qf6+.} Qb4 58. Qf6+ (58. Qc7+ Kf8 $16) 58... Kh7 59. Qf7+ (59. Qxe6 Qxd4 60. Qf7+ Kh8 $16) 59... Kh8 60. Qxg6 Qxd4 61. Qxe6) 57... Kh7 58. hxg5 Qc4 59. Qh2+ Kg7 (59... Kg8 $142 60. Qb8+ Kf7 61. Qxa7+ Ke8 62. Qxb6 Qd5+ 63. Kh2 Qf5 64. Qc6+ Kd8 65. Qd6+ Ke8) 60. Qh6+ Kf7 61. Qh7+ Kf8 62. Qxg6 Qd5+ 63. Kg1 Qxd4 64. Qxe6 Qh4 $2 {[#]} (64... a5 $18 65. bxa6 Qa1+ 66. Kg2 Qxa6) 65. Qh6+ {Precision: White = 81%, Black = 48%.} 1-0

[Event "NOR-ch Elite 2017"]
[Site "Stavanger"]
[Date "2017.07.06"]
[Round "7"]
[White "Arvola, Benjamin"]
[Black "Gandrud, Vegar Koi"]
[Result "1-0"]
[WhiteElo "2469"]
[BlackElo "2330"]
[Annotator "TA"]
[PlyCount "61"]
[EventDate "2017.??.??"]
[EventType "swiss"]
[EventCountry "NOR"]
[SourceTitle "playchess.com"]
[Source "ChessBase"]
[SourceQuality "1"]

{[%evp 28,61,60,33,49,46,96,18,236,100,83,91,106,103,111,95,81,89,242,239,291,289,297,291,435,438,439,432,538,539,1341,983,936,521,520,515]} 1. e4 c5 2. Nf3 d6 3. d4 cxd4 4. Nxd4 Nf6 5. Nc3 a6 6. Be3 Ng4 7. Bc1 Nf6 8. Be3 Ng4 9. Bg5 h6 10. Bh4 g5 11. Bg3 Bg7 12. h3 {[%cal Bh2h3,Bh3h4,Bh4g5,Bg5g6][%mdl 32]} Ne5 13. f3 {B90: Sicilian Najdorf: Unusual White 6th moves, 6 Be3 Ng4 and 6 Be3 e5} (13. Nf5 Bxf5 14. exf5 Nbc6 15. Nd5 e6 16. fxe6 fxe6 17. Ne3 Qa5+ 18. c3 Nf3+ 19. Qxf3 Bxc3+ 20. Kd1 Qa4+ 21. Nc2 Bxb2 {½-½ (62) Nakamura,H (2785)-Grischuk,A (2742) Sharjah 2017}) 13... Nbc6 14. Bf2 O-O 15. Qd2 {LiveBook: 4 Games. White is slightly better.} b5 16. h4 $146 ({Predecessor:} 16. Be2 Bb7 17. Nf5 Nc4 18. Bxc4 bxc4 19. Nxg7 Kxg7 20. Nd5 Rb8 {1-0 (41) Scheider,J (2247)-Kartsev,S (2182) Moehnesee 2011}) 16... b4 17. Nce2 (17. Nd5 $16 e6 18. Nxc6 (18. Nxb4 Nxd4 19. Bxd4 a5 $14) 18... Nxc6 19. Nxb4 Nxb4 20. Qxb4) 17... Qc7 $2 {[#]} (17... g4 $11) 18. Nxc6 (18. hxg5 $18 {is the precise move to win.} Nc4 19. Qc1) 18... Nxc6 $16 19. hxg5 Bxb2 20. Rb1 Bh8 21. g6 $36 {[%mdl 2048] White is on the roll.} ({Much less strong is} 21. gxh6 Be5 $18) 21... Bg7 22. Be3 h5 $2 (22... fxg6 $16 23. Bxh6 Qa5) 23. Qd5 $18 (23. Rxh5 fxg6 24. Rh1 Rf7 $16) 23... Be5 {...Be6 would now be nice for Black.} 24. gxf7+ (24. Rxh5 Be6 $11) 24... Rxf7 25. Nf4 ({Not} 25. Rxh5 e6 $16) 25... e6 (25... Bb7 $142 26. Rxh5 Nd8) 26. Nxe6 {White is clearly winning.} Bxe6 27. Qxe6 Nd4 28. Bxd4 $1 Qxc2 {( -> ...Bg3+)} 29. Bxe5 {White threatens Bc4 and mate.} Qxb1+ 30. Kd2 {White wants to mate with Bc4.} dxe5 {[#]} 31. Qxf7+ $1 {[%mdl 512] Precision: White = 63%, Black = 18%.} 1-0

[Event "NOR-ch Elite 2017"]
[Site "Stavanger"]
[Date "2017.07.06"]
[Round "7"]
[White "Elsness, Frode"]
[Black "Lie, Kjetil A"]
[Result "1-0"]
[WhiteElo "2450"]
[BlackElo "2539"]
[Annotator "TA"]
[PlyCount "101"]
[EventDate "2017.??.??"]
[EventType "swiss"]
[EventCountry "NOR"]
[SourceTitle "playchess.com"]
[Source "ChessBase"]
[SourceQuality "1"]

{[%evp 27,101,0,17,-7,8,-8,14,0,7,0,13,0,0,0,0,0,20,22,27,31,13,0,0,10,18,15,9,0,0,0,-5,-14,-14,-14,-8,-3,0,0,0,0,0,0,0,0,0,0,0,0,98,98,195,195,195,192,187,180,227,219,181,12,12,0,200,187,359,340,486,467,428,370,516,503,661,639,975,949]} 1. d4 Nf6 2. c4 e6 3. Nf3 d5 4. g3 Be7 5. Bg2 O-O 6. O-O dxc4 7. Qc2 a6 8. a4 Bd7 9. Qxc4 Bc6 10. Bf4 Bd6 {E05: Open Catalan: 5 Nf3 Be7} (10... Nbd7 11. Nc3 Bd6 12. a5 Bxf4 13. gxf4 Nd5 14. e3 Nxc3 15. Qxc3 Bxf3 16. Bxf3 c6 17. Kh1 Qe7 18. Rg1 g6 19. Rg5 {½-½ (80) Aronian,L (2793)-Kramnik,V (2808) Leuven 2017}) 11. Qc1 Nbd7 12. Nc3 b5 13. Nb1 $146 ({Predecessor:} 13. Rd1 Qb8 14. axb5 {½-½ (14) Erdos,V (2610)-Gharamian,T (2649) Biel 2015}) 13... Bd5 14. Nc3 Bc6 {LiveBook: 3 Games} 15. Nb1 Bd5 16. Qe3 Qb8 17. Nc3 bxa4 18. Nxa4 Bc6 19. Qc1 Qb7 20. Rd1 Rfb8 21. Rd2 Be4 22. Nc3 Bc6 23. Rc2 Nb6 24. Ne1 Bxg2 25. Nxg2 Nbd5 26. Nxd5 Nxd5 {[%cal Bf6d5,Bd5b4,Bb4a2][%mdl 32]} 27. Ra4 {[%cal Ba1a4,Ba4c4,Bc4c7][%mdl 32]} h6 28. Bxd6 cxd6 29. Rac4 Nb4 30. Rc7 Qe4 31. Rd2 Na2 32. Qd1 Rc8 33. Rdc2 Rxc7 34. Rxc7 Rb8 35. f3 Qd5 36. Ne3 Qb5 37. Qc2 g6 (37... Qb6 $11) 38. Ng4 $16 Qxb2 (38... Kg7 $16) 39. Nxh6+ $40 {[%mdl 128] White goes for the king.} Kg7 40. Qxb2 Rxb2 41. Nxf7 Rxe2 {[%mdl 4096] Endgame KRN-KRN} 42. Ne5+ Kg8 43. Rc8+ $2 {[#]} ({Only move:} 43. Nxg6 $18 {Nf4 is the strong threat.} Re1+ 44. Kf2) 43... Kg7 $11 44. Rc7+ $2 (44. Ng4 $11) 44... Kg8 $1 $18 45. Nxg6 Nb4 $2 (45... Re1+ 46. Kf2 Rd1) 46. h4 Nd5 (46... a5 $142 47. h5 Nd5) 47. Ne7+ Nxe7 48. Rxe7 a5 49. g4 {White is clearly winning.} e5 50. dxe5 dxe5 51. Kf1 {Precision: White = 59%, Black = 44%.} 1-0